|
|
|
|
| LEADER |
01400nam a2200373 4500 |
| 001 |
000005964 |
| 003 |
2117 |
| 005 |
20120510160516.0 |
| 008 |
110826s2006 viesd |
| 020 |
|
|
|c 000đ
|
| 041 |
0 |
|
|a vie
|
| 082 |
|
|
|a 895.9228
|b NG-T
|
| 100 |
0 |
|
|a Nguyễn Tuân
|
| 245 |
1 |
0 |
|a Tác phẩm văn học được giải thưởng Hồ Chí Minh
|c Nguyễn Tuân ; Nguyễn Cừ chỉ đại & tổ chức bản thảo ; tuyển soạn Tuấn Thành...
|n Quyển 1
|
| 260 |
|
|
|a H.
|b Văn học
|c 2006
|
| 300 |
|
|
|a 859 tr
|b chân dung
|c 21 cm
|
| 653 |
|
|
|a Văn học hiện đại
|
| 653 |
|
|
|a Việt Nam
|
| 653 |
|
|
|a Tập truyện
|
| 653 |
|
|
|a Tùy bút
|
| 700 |
|
|
|a Nguyễn Cừ
|e chỉ đạo & tổ chức bản thảo
|
| 700 |
|
|
|a Tuấn Thành...
|e tuyển chọn
|
| 773 |
|
|
|t Tác phẩm văn học được giải thưởng Hồ Chí Minh
|w 2116
|
| 910 |
|
|
|a Nguyễn Thị Kim Oanh
|d 26/08/2011
|
| OWN |
|
|
|a LSP
|
| AVA |
|
|
|a UDN50
|b LSP
|d 895.9228 NG-T
|e available
|t Error 5001 Not defined in file expand_doc_bib_avail.
|f 3
|g 0
|h N
|i 0
|k 1
|
| 999 |
|
|
|a From the UDN01
|
| AVA |
|
|
|a UDN50
|b LSP
|d 895.9228 NG-T
|e available
|t Error 5001 Not defined in file expand_doc_bib_avail.
|f 3
|g 0
|h N
|i 0
|k 1
|
| TYP |
|
|
|a Monograph
|
| TYP |
|
|
|a Printed language
|
| 980 |
|
|
|a Mạng thư viện Đại học Đà Nẵng
|